| 000 | 003520000a22001330004500 | ||
|---|---|---|---|
| 060 | _a100 | ||
| 082 | _a582.130 433 MAH | ||
| 100 | _aMaheswari, P | ||
| 245 | _aIntroduction to the Embryology of Angiosperms | ||
| 260 | _aBombay, Tata mc graw - hill publishing company limited | ||
| 260 | _c1950 | ||
| 650 | _aAngiosperms / Embryology | ||
| 942 | _cBK | ||
| 999 |
_c351797 _d351797 |
||